000 00304nam a22001337a 4500
008 170614b xxu||||| |||| 00| 0 eng d
020 _a9780176169640
041 _aeng
080 _24TH
_a323
100 _a19
101 _aSHP
245 _aCONTEMPORARY POLITICAL ISSUES
_cCHARLTON,M
942 _2udc
_cBK
999 _c17258
_d17258